Datum a čas kvízu
8
Celkem bodů
Celkový počet nahraných bodů na tomto kvízu bez doplňovacích otázek.
10.
Pořadí na kvízu
Konečné umístění týmu na tomto kvízu.
Zaznamenané odpovědi
| # | Otázka | Odpověď | Body | Výsledky |
|---|---|---|---|---|
| 1. | Nově zvolený rektor brněnské M... | Robert Plaga | 0 | |
| 2. | Armáda jednoho evropského stát... | Švýcarsko | 0 | |
| 3. | V úterý začal pro Čínu nový ro... | znamení Tygra | 0 | |
| 4. | Minulý týden jsme se dozvěděli... | Prima TV | 0 | |
| 5. | První velké překvapení jarní č... | Slavia Praha - MFK Karviná 0:1 | 0 | |
| 6. | Patrně nejznámější čarodějnicí... | Kirké | 1 | |
| 7. | Tento britsko-kanadský seriál... | Čarodějnice školou povinné | 0 | |
| 8. | Nechvalnou součástí historie j... | Salem | 0 | |
| 9. | Ve filmové adaptaci knihy Čaro... | (Somewhere) Over the Rainbow | 0 | |
| 10. | Hlavní postava malé čarodějnic... | Abraxas | 0 |